MARC

Tag First Indicator Second Indicator Subfields
LEADER 00000nas a2200000 i 4500
001 in00004725513
006 m o d f
007 cr |||||||||||
008 230509c20uu9999dcu x |o f| 0eng c
005 20230620144253.3
010 |a 2023233337 
035 |a (OCoLC)on1378643513 
040 |a GPO  |b eng  |e rda  |e pn  |c GPO  |d MvI 
042 |a pcc 
043 |a n-us--- 
049 |a WWW 
074 |a 0857-T (online) 
086 0 |a PREX 28.2:ST 8/4/  |z PREX 28.2:ST 8/3 
110 1 |a United States.  |b Office of the Director of National Intelligence,  |0 https://id.loc.gov/authorities/names/no2005101367  |e author. 
245 1 0 |a Strategic plan. 
246 1 |a IC S&T strategic plan  |f FY 2016/2020 
246 1 |a ODNI S & T strategic plan  |f FY 2022/2026 
264 1 |a [Washington, D.C.] :  |b Office of the Director of National Intelligence 
300 |a 1 online resource (volumes) 
310 |a Irregular 
336 |a text  |b txt  |2 rdacontent 
337 |a computer  |b c  |2 rdamedia 
338 |a online resource  |b cr  |2 rdacarrier 
500 |a In scope of the U.S. Government Publishing Office Cataloging and Indexing Program (C&I) and Federal Depository Library Program (FDLP). 
500 |a GPO Cataloging Record Distribution Program (CRDP). 
588 0 |a FY 2016/2020; title from PDF cover (viewed May 9, 2023). 
588 1 |a FY 2022/2026 (viewed May 9, 2023). 
610 1 0 |a United States.  |b Office of the Director of National Intelligence  |x Planning  |v Periodicals. 
650 0 |a Interagency coordination  |z United States  |v Periodicals. 
650 0 |a Intelligence service  |z United States  |v Periodicals. 
856 4 0 |u https://purl.fdlp.gov/GPO/gpo212348  |t 0 
999 f f |s 771ea82f-ee9f-4305-b71d-98ef03a6682c  |i 7be71259-5d10-4d05-a691-50a7a34e3de0  |t 0 
952 f f |a Texas A&M University  |b College Station  |c Electronic Resources  |d Available Online  |t 0  |e PREX 28.2:ST 8/4/  |h Superintendent of Documents classification 
998 f f |a PREX 28.2:ST 8/4/  |t 0  |l Available Online